| 000 | 00422nam a22001697a 4500 | ||
|---|---|---|---|
| 003 | NUST - PNEC | ||
| 005 | 20170116180901.0 | ||
| 008 | 150901b xxu||||| |||| 00| 0 eng d | ||
| 020 | _a- | ||
| 040 | _cLIBRARY | ||
| 082 | _a620.1054 RAM | ||
| 100 |
_96295 _aRamsey,A.S. |
||
| 245 |
_aDynamics _cA.S. Ramsey. |
||
| 260 | _cc1938 | ||
| 650 |
_96302 _aMechanical Engineering _bMechanical Engineering _xME |
||
| 942 |
_2ddc _cBK |
||
| 999 |
_c64949 _d64949 |
||